000 00282nam a2200097Ia 4500
008 220203s9999 xx 000 0 und d
245 0 _aRubber planting materials
260 _bRubber Research Institute of India
_aKottayam
_c2012
650 _aRubber Plantation Development
942 _cPN
999 _c45196
_d45196